000 00600nam a2200229Ia 4500
003 OSt
005 20221007071651.0
006 a|||||r|||| 00| 0
007 ta
008 221006b |||||||| |||| 00| 0 eng d
024 _a16,735
037 _cTextual
040 _aFLL
_cFLL
_beng
041 _2eng
_aeng
082 _aY1:45111z7, L1
100 _aGiddens Anthony
245 0 _aSociology of sucide
260 _aLondon
_bFrank Cass & Co. Ltd. England
_c1971
300 _a424p
_ccm.
942 _hY1:45111z7, L1
_cTEXL
_2CC
999 _c1143926
_d1143926